Terraria Accessories - Statistics

General Stats
  • This quiz has been taken 84 times
    21 since last reset
  • The average score is 92 of 437
Answer Stats
Answer % Correct
Hermes Boots
100%
Aglet
86%
Anklet of the Wind
86%
Sailfish Boots
86%
Water Walking Boots
86%
Fairy Wings
71%
Fishron Wings
71%
Ice Skates
71%
Lava Charm
71%
Lava Waders
71%
Lightning Boots
71%
Moon Stone
71%
Obsidian Rose
71%
Rocket Boots
71%
Terraspark Boots
71%
Angel Wings
57%
Ankh Charm
57%
Ankh Shield
57%
Bat Wings
57%
Betsy's Wings
57%
Bezoar
57%
Black Belt
57%
Butterfly Wings
57%
Celestial Shell
57%
Climbing Claws
57%
Cloud in a Bottle
57%
Dunerider Boots
57%
Harpy Wings
57%
Leaf Wings
57%
Lucky Horseshoe
57%
Master Ninja Gear
57%
Moon Charm
57%
Mothron Wings
57%
Obsidian Shield
57%
Obsidian Skull
57%
Obsidian Water Walking Boots
57%
Sextant
57%
Shiny Red Balloon
57%
Spectre Boots
57%
Sun Stone
57%
Avenger Emblem
43%
Bee Wings
43%
Blizzard in a Balloon
43%
Blizzard in a Bottle
43%
Bone Wings
43%
Brain of Confusion
43%
Bundle of Balloons
43%
Cloud in a Balloon
43%
Cobalt Shield
43%
Demon Wings
43%
Depth Meter
43%
Destroyer Emblem
43%
DPS Meter
43%
Eye of the Golem
43%
Fart in a Jar
43%
Festive Wings
43%
Flame Wings
43%
Fledgling Wings
43%
Flipper
43%
Flower Boots
43%
Frog Leg
43%
Frostspark Boots
43%
Frozen Wings
43%
Honey Comb
43%
Paladin's Shield
43%
Panic Necklace
43%
Ram Rune
43%
Ranger Emblem
43%
Royal Gel
43%
Sandstorm in a Balloon
43%
Sandstorm in a Bottle
43%
Shark Tooth Necklace
43%
Shoe Spikes
43%
Solar Wings
43%
Spooky Wings
43%
Stardust Wings
43%
Step Stool
43%
Summoner Emblem
43%
Tabi
43%
Tiger Climbing Gear
43%
Titan Glove
43%
Warrior Emblem
43%
Worm Scarf
43%
Yoyo Bag
43%
Amphibian Boots
29%
Ancient Chisel
29%
Angler Earring
29%
Apprentice's Scarf
29%
Arctic Diving Gear
29%
Armor Polish
29%
Balloon Pufferfish
29%
Berserker's Glove
29%
Blindfold
29%
Blue Counterweight
29%
Blue Horseshoe Balloon
29%
Bundle of Horseshoe Balloons
29%
Celestial Starboard
29%
Celestial Stone
29%
Compass
29%
Cross Necklace
29%
Discount Card
29%
Diving Gear
29%
Empress Wings
29%
Fart in a Balloon
29%
Fast Clock
29%
Feral Claws
29%
Fish Finder
29%
Flurry Boots
29%
Frog Gear
29%
Frozen Shield
29%
Goblin Tech
29%
Green Counterweight
29%
Green Horseshoe Balloon
29%
Hercules Beetle
29%
Honey Balloon
29%
Hoverboard
29%
Inner Tube
29%
Jellyfish Diving Gear
29%
Jellyfish Necklace
29%
Lucky Coin
29%
Magic Quiver
29%
Magiluminescence
29%
Magma Stone
29%
Mana Flower
29%
Medicated Bandage
29%
Megaphone
29%
Metal Detector
29%
Molten Charm
29%
Nazar
29%
Nebula Mantle
29%
Necromantic Scroll
29%
Neptune's Shell
29%
Obsidian Horseshoe
29%
Papyrus Scarab
29%
PDA
29%
Pink Horseshoe Balloon
29%
Platinum Watch
29%
Pocket Mirror
29%
Pygmy Necklace
29%
Red Counterweight
29%
Red's Wings
29%
R.E.K. 3000
29%
Shackle
29%
Shield of Cthulhu
29%
Shiny Stone
29%
Skiphs' Paws
29%
Sniper Scope
29%
Soaring Insignia
29%
Sorcerer Emblem
29%
Spectre Wings
29%
Star Cloak
29%
Steampunk Wings
29%
Stinger Necklace
29%
Stopwatch
29%
Tattered Fairy Wings
29%
Tsunami in a Bottle
29%
Vitamins
29%
White Horseshoe Balloon
29%
Yellow Counterweight
29%
Yellow Horseshoe Balloon
29%
Adhesive Bandage
14%
Aether Monolith
14%
Amber Horseshoe Balloon
14%
Architect Gizmo Pack
14%
Arkhalis' Lightwings
14%
Band of Regeneration
14%
Band of Starpower
14%
Bee Cloak
14%
Beetle Wings
14%
Black Counterweight
14%
Black String
14%
Blood Moon Monolith
14%
Blue String
14%
Bone Glove
14%
Brick Layer
14%
Brown String
14%
Celestial Magnet
14%
Cenx's Wings
14%
Charm of Myths
14%
Chromatic Cloak
14%
Coin Ring
14%
Copper Watch
14%
Countercurse Mantra
14%
Crowno's Wings
14%
Fairy Boots
14%
Fin Wings
14%
Fire Gauntlet
14%
Fisherman's Pocket Guide
14%
Fishing Bobber
14%
Flame Waker Boots
14%
Flesh Knuckles
14%
Flying Carpet
14%
FoodBarbarian's Tattered Dragon Wings
14%
Frog Flipper
14%
Frog Webbing
14%
Frozen Turtle Shell
14%
Ghostar's Infinity Eight
14%
Glowing Fishing Bobber
14%
Gold Ring
14%
Gold Watch
14%
Gravity Globe
14%
Greedy Ring
14%
Green String
14%
Grox the Great's Wings
14%
Guide to Plant Fiber Cordage
14%
Hand of Creation
14%
Hand Warmer
14%
Hellfire Treads
14%
Hero Shield
14%
High Test Fishing Line
14%
Hive Pack
14%
Jetpack
14%
Jim's Wings
14%
Lavaproof Fishing Hook
14%
Lavaproof Tackle Bag
14%
Leinfors' Prehensile Cloak
14%
Lime String
14%
Loki's Wings
14%
Magic String
14%
Magic Yoyo Bag
14%
Magma Skull
14%
Magnet Flower
14%
Mana Cloak
14%
Mechanical Glove
14%
Mechanical Ruler
14%
Molten Quiver
14%
Molten Skull Rose
14%
Moon Shell
14%
Music Box
14%
Music Box (Aether)
14%
Music Box (Alt Overworld Day)
14%
Music Box (Alt Underground)
14%
Music Box (Boss 1)
14%
Music Box (Boss 2)
14%
Music Box (Boss 3)
14%
Music Box (Boss 4)
14%
Music Box (Corruption)
14%
Music Box (Crimson)
14%
Music Box (Desert)
14%
Music Box (Dungeon)
14%
Music Box (Eerie)
14%
Music Box (Frost Moon)
14%
Music Box (Goblin Invasion)
14%
Music Box (Graveyard)
14%
Music Box (Ice)
14%
Music Box (Journey's Beginning)
14%
Music Box (Journey's End)
14%
Music Box (Jungle)
14%
Music Box (Jungle Night)
14%
Music Box (Lunar Boss)
14%
Music Box (Martian Madness)
14%
Music Box (Night)
14%
Music Box (Ocean Day)
14%
Music Box (Ocean Night)
14%
Music Box (Old One's Army)
14%
Music Box (Overworld Day)
14%
Music Box (Pirate Invasion)
14%
Music Box (Plantera)
14%
Music Box (Pumpkin Moon)
14%
Music Box (Snow)
14%
Music Box (Space Day)
14%
Music Box (Space Night)
14%
Music Box (Temple)
14%
Music Box (The Hallow)
14%
Music Box (Town Day)
14%
Music Box (Town Night)
14%
Music Box (Underground)
14%
Music Box (Underground Corruption)
14%
Music Box (Underground Crimson)
14%
Music Box (Underground Desert)
14%
Music Box (Underground Hallow)
14%
Music Box (Underground Jungle)
14%
Nature's Gift
14%
Nebula Monolith
14%
Obsidian Skull Rose
14%
Orange String
14%
Otherworldly Music Box (Boss 1)
14%
Otherworldly Music Box (Boss 2)
14%
Otherworldly Music Box (Corruption)
14%
Otherworldly Music Box (Crimson)
14%
Otherworldly Music Box (Desert)
14%
Otherworldly Music Box (Dungeon)
14%
Otherworldly Music Box (Eerie)
14%
Otherworldly Music Box (Hallow)
14%
Otherworldly Music Box (Ice)
14%
Otherworldly Music Box (Invasion)
14%
Otherworldly Music Box (Jungle)
14%
Otherworldly Music Box (Lunar Boss)
14%
Otherworldly Music Box (Night)
14%
Otherworldly Music Box (Ocean)
14%
Otherworldly Music Box (Overworld Day)
14%
Otherworldly Music Box (Plantera)
14%
Otherworldly Music Box (Snow)
14%
Otherworldly Music Box (Space)
14%
Otherworldly Music Box (Underground)
14%
Otherworldly Music Box (Underground Corruption)
14%
Otherworldly Music Box (Underground Crimson)
14%
Otherworldly Music Box (Underground Hallow)
14%
Otherworldly Music Box (Wall of Flesh)
14%
Paint Sprayer
14%
Philosopher's Stone
14%
Pink String
14%
Power Glove
14%
Presserator
14%
Purple Counterweight
14%
Purple String
14%
Putrid Scent
14%
Radar
14%
Radio Thing
14%
Rainbow Cursor
14%
Rainbow String
14%
Recon Scope
14%
Red String
14%
Reflective Shades
14%
Safeman's Blanket Cape
14%
Sharkron Balloon
14%
Silver Watch
14%
Sky Blue String
14%
Solar Monolith
14%
Spore Sac
14%
Stardust Monolith
14%
Star Veil
14%
Strung Counterweight
14%
Sweetheart Necklace
14%
Tackle Box
14%
Tally Counter
14%
Teal String
14%
The Plan
14%
Tin Watch
14%
Trifold Map
14%
Tungsten Watch
14%
Void Monolith
14%
Volatile Gelatin
14%
Vortex Booster
14%
Vortex Monolith
14%
Weather Radio
14%
Will's Wings
14%
Xenon Moss Fishing Bobber
14%
Yellow String
14%
Yoraiz0r's Spell
14%
Yoyo Glove
14%
Angel Halo
0%
Angler Tackle Bag
0%
Arcane Flower
0%
Argon Moss Fishing Bobber
0%
Armor Bracing
0%
Balloon Animal
0%
Black Golf Ball
0%
Blue Golf Ball
0%
Bone Helm
0%
Brown Golf Ball
0%
Bundled Party Balloons
0%
Bunny Tail
0%
Celestial Cuffs
0%
Celestial Emblem
0%
Clothier Voodoo Doll
0%
Crimson Cloak
0%
Critter Shampoo
0%
Cyan Golf Ball
0%
Cyan String
0%
Diamond Ring
0%
Dog Tail
0%
D-Town's Wings
0%
Echo Chamber
0%
Extendo Grip
0%
Fake Unicorn Horn
0%
Fox Tail
0%
Gentleman's Beard
0%
Gentleman's Long Beard
0%
Gentleman's Magnificent Beard
0%
Ginger Beard
0%
Glass Slipper
0%
GPS
0%
Green Golf Ball
0%
Guide Voodoo Doll
0%
Helium Moss Fishing Bobber
0%
Hunter Cloak
0%
Huntress's Buckler
0%
Jungle Rose
0%
Krypton Moss Fishing Bobber
0%
Lava Moss Fishing Bobber
0%
Lazure's Barrier Platform
0%
Leinfors' Luxury Shampoo
0%
Lifeform Analyzer
0%
Lime Golf Ball
0%
Lizard Tail
0%
Magic Cuffs
0%
Mana Regeneration Band
0%
Mechanical Lens
0%
Monk's Belt
0%
Music Box (Alt Title)
0%
Music Box (Boss 5)
0%
Music Box (Day Remix)
0%
Music Box (Deerclops)
0%
Music Box (Duke Fishron)
0%
Music Box (Eclipse)
0%
Music Box (Empress of Light)
0%
Music Box (Hell)
0%
Music Box (Morning Rain)
0%
Music Box (Mushrooms)
0%
Music Box (Queen Slime)
0%
Music Box (Rain)
0%
Music Box (Sandstorm)
0%
Music Box (Slime Rain)
0%
Music Box (Storm)
0%
Music Box (The Towers)
0%
Music Box (Title)
0%
Music Box (Windy Day)
0%
Mysterious Cape
0%
Neon Moss Fishing Bobber
0%
Orange Golf Ball
0%
Otherworldly Music Box (Mushrooms)
0%
Otherworldly Music Box (Rain)
0%
Otherworldly Music Box (The Towers)
0%
Otherworldly Music Box (Underworld)
0%
Pink Golf Ball
0%
Portable Cement Mixer
0%
Prince Cape
0%
Purple Golf Ball
0%
Red Cape
0%
Red Golf Ball
0%
Rifle Scope
0%
Royal Scepter
0%
Sky Blue Golf Ball
0%
Spectre Goggles
0%
Squire's Shield
0%
Stalker's Quiver
0%
Teal Golf Ball
0%
Toolbelt
0%
Toolbox
0%
Treasure Magnet
0%
Violet Golf Ball
0%
Violet String
0%
White String
0%
Winter Cape
0%
Yellow Golf Ball
0%
Yoraiz0r's Scowl
0%
No matching quizzes found
Score Distribution
Percent of People with Each Score
Percentile by Number Answered
Your Score History
You have not taken this quiz since the last reset